| 000 | 01668nas a2200277Ia 4500 | ||
|---|---|---|---|
| 001 | R050-R9749 | ||
| 003 | IT-CnALBA | ||
| 008 | 170116c99999999xx |||||||||||| ||und|| | ||
| 040 |
_aIT-CnALBA _cIT-CnALBA |
||
| 041 | _aPOLIGLOTTA | ||
| 100 | _aPIATTI TOMMASO | ||
| 210 | _aDIVUS THOMAS | ||
| 222 | _aDIVUS THOMAS | ||
| 245 | 0 | _aDIVUS THOMAS. COMMENTARIUM DE PHILOSOPHIA ET THEOLOGIA. GENNAIO 1953. | |
| 250 | _a1a ed. | ||
| 260 |
_a PIACENZA _bCOLLEGIO ALBERONI _c1953 [1° Ed.:1953 - Ed.Ling.Originale: 1953] |
||
| 300 | _a488 p. | ||
| 310 | _aTRIMESTRALE | ||
| 362 | _aFascicolo: 1-3 / Anno: 56 (1953) | ||
| 500 | _aCOMMENTI DI FILOSOFIA E TEOLOGIA. CARATTERE SOVRANNATURALE DELLA GIUSTIZIA CRISTIANA. IL CANTICO DEI CANTICI ALLA LUCE DI GEREMIA. A PROPOSITO DI "SALVA ILLORUM SUBSTANTIA". BRECHET R. CROSIGNANI G. DA CRISTO ALLA CHIESA. IL DINAMISMO DELL'INCARNAZIONE NEL VANGELO DI GIOVANNI. XV CENTENARIO DEL CONCILIO DI CALCEDONIA. GIUDIZIO SULLE OPERE. OPERE DI DIRITTO PUBBLICO. NOTIZIE DEI GIORNALI. VARIE. BIBLIOGRAFIA. | ||
| 501 | _aSocietà San Paolo EM - Piazza San Paolo, 14 - 12051 ALBA (CN) (non commercial uses only) ® Copyright 2017 | ||
| 520 | _aCOMMENTI DI FILOSOFIA E TEOLOGIA. CARATTERE SOVRANNATURALE DELLA GIUSTIZIA CRISTIANA. IL CANTICO DEI CANTICI ALLA LUCE DI GEREMIA. A PROPOSITO DI "SALVA ILLORUM SUBSTANTIA". BRECHET R. CROSIGNANI G. DA CRISTO ALLA CHIESA. IL DINAMISMO DELL'INCARNAZIONE NEL VANGELO DI GIOVANNI. XV CENTENARIO DEL CONCILIO DI CALCEDONIA. GIUDIZIO SULLE OPERE. OPERE DI DIRITTO PUBBLICO. NOTIZIE DEI GIORNALI. VARIE. BIBLIOGRAFIA. | ||
| 650 | _aTEOLOGIA - FILOSOFIA | ||
| 942 | _cCR | ||
| 957 | _71 | ||
| 999 |
_a61316 _bNO _g1 _c328342 _d328342 |
||